000 01072nam a22002657a 4500
003 UPN
005 20250903063931.0
008 220329t2011 sp|||||fr|||| 00| 0 spa d
020 _a9788499800707
040 _aMX-MxUPN
_bspa
_cMX-MxUPN
050 1 4 _aLC1033.5 E5
_bE8.2b
100 1 _aEscamilla González, Amparo
_944144
245 1 4 _aLas competencias en la programación de aula (vol. II) : educación secundaria (12-18 años) /
_cAmparo Escamilla González
260 _aBarcelona :
_bGraó ,
_c2011.
300 _a322 p.
440 _944143
_aDidáctica/diseño y desarrollo curricular
_v286
500 _aVéase también el volumen I : Las competencias en la programación de aula : infantil y primaria (3-12 años) / Amparo Escamilla González.
650 1 4 _aEducación basada en competencias
_zEspaña
_914911
650 1 2 _aAprendizaje significativo
_9450
650 1 4 _aDiseño curricular
_96719
650 1 4 _aMediciones y pruebas educativas
_94299
650 1 2 _91531
_aEDUCACION SECUNDARIA -
_xPLANIFICACION
942 _2lcc
_cLIBRO
999 _c208315
_d208315